| 000 | 00727nam a2200253Ia 4500 | ||
|---|---|---|---|
| 003 | OSt | ||
| 005 | 20221005042607.0 | ||
| 006 | a|||||r|||| 00| 0 | ||
| 007 | ta | ||
| 008 | 221004b |||||||| |||| 00| 0 eng d | ||
| 020 | _a984 05 1503 9 | ||
| 024 | _a26157 | ||
| 037 | _cTextual | ||
| 040 |
_aCRL _cCRL _beng |
||
| 041 |
_2eng _aeng |
||
| 082 | _aO157,1M99x, 111N9 | ||
| 100 | _aDas Jibanananda | ||
| 245 | 0 | _aSelected poems with an introduction, chronology and glossary. Tr by Fakrul Alam | |
| 260 |
_aDhaka _bUniversity Press _c1999 |
||
| 300 |
_a156p. _ccm. |
||
| 650 | _aBENGALI LITERATURE | ||
| 942 |
_hO157,1M99x, 111N9 _cTEXL _2cc |
||
| 999 |
_c950536 _d950536 |
||